000 00877nam a2200253Ia 4500
003 OSt
005 20220923224253.0
006 a|||||r|||| 00| 0
007 ta
008 220922b |||||||| |||| 00| 0 hin d
024 _a230,162
037 _cTextual
040 _aARTS
_cARTS
_bhin
041 _2hin
_ahin
082 _aO152xNVIDx, N8
100 _aसलिल, सुरेश, संपा.
_9156315
245 0 _aगणेश शंकर विद्यार्थी संचयन
246 _aGaṇesh shankar vidyārthī sanchayana
260 _aनई दिल्ली
_b साहित्य अकादमी
_c1998
300 _a330पृ.
_ccm.
650 _aहिन्दी साहित्य
_9156264
942 _hO152xNVIDx, N8
_cTEXL
_2CC
999 _c370283
_d370283